[Event "Colmenarejo Autumn op 29th"]
[White "Sotres Menendez, Raul"]
[Black "Reig Carriedo, Rafael"]
[Site "Colmenarejo"]
[Round "5"]
[Result "1-0"]
[Date "2019.10.13"]
[WhiteElo "1474"]
[BlackElo "1353"]
[PlyCount "37"]
[EventDate "2019.09.15"]
[EventType "swiss"]
[EventRounds "7"]
[EventCountry "ESP"]
[SourceTitle "EXT 2021"]
[Source "ChessBase"]
[SourceDate "2020.10.23"]
[SourceVersion "1"]
[SourceVersionDate "2020.10.23"]
[SourceQuality "1"]

1. d4 d5 2. c4 Nf6 3. Nc3 e6 4. Bg5 Be7 5. Rc1 0-0 6. Nf3 Nc6 7. e3 b6 8. cxd5 exd5 9. a3 a5 10. Qb3 Be6 11. Bb5 Nb8 12. Ne5 Qd6 13. 0-0 c6 14. Bd3 c5 15. Qd1 c4 16. Bb1 Nbd7 17. Nb5 Qb8 18. Nc6 Qe8 19. Nc7 1-0

[Event "Colmenarejo Spring op"]
[White "Sotres Menendez, Raul"]
[Black "Bahillo Vallejo, Ignacio"]
[Site "Colmenarejo"]
[Round "4.15"]
[Result "1/2-1/2"]
[Date "2019.06.02"]
[WhiteElo "1475"]
[BlackElo "1762"]
[PlyCount "86"]
[EventDate "2019.05.05"]
[EventType "swiss"]
[EventRounds "7"]
[EventCountry "ESP"]
[SourceTitle "EXT 2024"]
[Source "ChessBase"]
[SourceDate "2023.10.10"]
[SourceVersion "1"]
[SourceVersionDate "2023.10.10"]
[SourceQuality "1"]

1. c4 e6 2. d4 d5 3. e3 Nf6 4. Nc3 Be7 5. Nf3 c5 6. Be2 Nc6 7. 0-0 dxc4 8. dxc5 0-0 9. Bxc4 Bxc5 10. Qc2 a6 11. a3 b5 12. Be2 Qb6 13. b4 Be7 14. Bb2 Bb7 15. Bd3 Rac8 16. Qb1 h6 17. Ne2 Rfd8 18. Nfd4 Nxd4 19. Bxd4 Qc6 20. f3 Qd5 21. Rd1 Qg5 22. Ng3 e5 23. Bb6 Re8 24. Ne4 Qh5 25. Nxf6+ Bxf6 26. Be4 Bxe4 27. Qxe4 Qg6 28. Qxg6 fxg6 29. Rd6 e4 30. Rad1 Rc3 31. fxe4 Rxa3 32. Bd4 Rxe4 33. Bxf6 gxf6 34. Rxf6 Kg7 35. Rdd6 Rg4 36. Rfe6 Ra2 37. g3 Rc4 38. Rxg6+ Kf7 39. Rgf6+ Kg7 40. Rf1 Rxb4 41. Rdf6 Rbb2 42. Rf7+ Kg6 43. R7f6+ Kg5 1/2-1/2

[Event "Mem op Francisco Codes 12th"]
[White "Medina Lucena, Emilio"]
[Black "Sotres Menendez, Raul"]
[Site "Madrid"]
[Round "4.16"]
[Result "1-0"]
[Date "2018.05.06"]
[WhiteElo "1275"]
[BlackElo "1552"]
[PlyCount "99"]
[EventDate "2018.04.08"]
[EventType "swiss"]
[EventRounds "9"]
[EventCountry "ESP"]
[SourceTitle "EXT 2024"]
[Source "ChessBase"]
[SourceDate "2023.10.10"]
[SourceVersion "1"]
[SourceVersionDate "2023.10.10"]
[SourceQuality "1"]

1. d4 Nf6 2. Bf4 e6 3. e3 b6 4. Bd3 Bb7 5. Nf3 c5 6. c3 Be7 7. 0-0 0-0 8. Nbd2 Nh5 9. Bg3 Nxg3 10. fxg3 d6 11. Be4 d5 12. Bd3 Nd7 13. Qc2 Nf6 14. Ne5 cxd4 15. exd4 h6 16. a4 Nd7 17. Ndf3 Nxe5 18. Nxe5 Bf6 19. Ng4 Bg5 20. Rf3 Qc7 21. Ne5 Bf6 22. Ng4 Bg5 23. Raf1 a5 24. h4 Be7 25. Qd2 f5 26. Ne5 Ba6 27. Bxa6 Rxa6 28. Qe2 Raa8 29. Ng6 Rf6 30. h5 Bd6 31. g4 Qd7 32. b3 Re8 33. Ne5 Qc8 34. Rf4 Ref8 35. gxf5 exf5 36. c4 dxc4 37. Qxc4+ Qxc4 38. bxc4 Rc8 39. Rxf5 Rxf5 40. Rxf5 Bxe5 41. dxe5 Rxc4 42. Kf2 Rxa4 43. Ke3 Rc4 44. Kd3 Rc7 45. Kd4 a4 46. Rf3 b5 47. Kd5 a3 48. Rxa3 Kf8 49. Kd6 Rc8 50. Kd7 1-0

[Event "Mem op Francisco Codes 12th"]
[White "Sotres Menendez, Raul"]
[Black "Cuellar Gutierrez, Raul"]
[Site "Madrid"]
[Round "1.7"]
[Result "0-1"]
[Date "2018.04.08"]
[WhiteElo "1552"]
[BlackElo "1933"]
[PlyCount "86"]
[EventDate "2018.04.08"]
[EventType "swiss"]
[EventRounds "9"]
[EventCountry "ESP"]
[SourceTitle "EXT 2024"]
[Source "ChessBase"]
[SourceDate "2023.10.10"]
[SourceVersion "1"]
[SourceVersionDate "2023.10.10"]
[SourceQuality "1"]

1. d4 Nf6 2. Bf4 d6 3. e3 g6 4. h3 Bg7 5. Nf3 0-0 6. Be2 b6 7. c3 Bb7 8. Nbd2 Nbd7 9. Qc2 c5 10. 0-0 Re8 11. Bh2 Rc8 12. Qb3 a6 13. Rfe1 e5 14. dxe5 dxe5 15. Bc4 Qe7 16. Ng5 Rf8 17. e4 h6 18. Ngf3 b5 19. Bf1 c4 20. Nxc4 Nc5 21. Qb4 bxc4 22. Nxe5 Nfd7 23. Nxc4 Ne5 24. Rad1 Rcd8 25. f3 Nxc4 26. Bxc4 Be5 27. f4 Bb8 28. e5 Qc7 29. e6 Nxe6 30. Bxe6 fxe6 31. Rxd8 Rxd8 32. Rxe6 Rd1+ 33. Kf2 Ba7+ 34. Ke2 Qd7 35. Re8+ Qxe8+ 36. Kxd1 Qd7+ 37. Kc2 Qf5+ 38. Kd2 Qd5+ 39. Ke1 Qxg2 40. Qc4+ Kh8 41. Qf7 Qf2+ 42. Kd1 Bf3+ 43. Kc1 Be3+ 0-1

[Event "Madrid Los Angeles op 10th"]
[White "Barragan Arriaza, Pablo"]
[Black "Sotres Menendez, Raul"]
[Site "Madrid"]
[Round "8"]
[Result "1-0"]
[Date "2016.05.29"]
[WhiteElo "1735"]
[BlackElo "1545"]
[PlyCount "47"]
[EventDate "2016.04.03"]
[EventType "swiss"]
[EventRounds "9"]
[EventCountry "ESP"]
[SourceTitle "CBM 172 Extra"]
[Source "ChessBase"]
[SourceDate "2016.06.21"]
[SourceVersion "1"]
[SourceVersionDate "2016.06.21"]
[SourceQuality "1"]

1. c4 c6 2. g3 d5 3. cxd5 cxd5 4. Bg2 Nf6 5. Nf3 e6 6. d4 Nc6 7. Nc3 Be7 8. 0-0 0-0 9. Bf4 a6 10. Rc1 Bd6 11. Bxd6 Qxd6 12. Na4 Ne7 13. Qc2 Bd7 14. Qc5 Ne4 15. Qxd6 Nxd6 16. Nb6 Rad8 17. Rc7 Bb5 18. Rxe7 Bxe2 19. Re1 Bb5 20. Rc1 Bc6 21. Bh3 Nc8 22. Nxc8 Rxc8 23. Ne5 Rfd8 24. Rxf7 1-0

[Event "Madrid Los Angeles op 10th"]
[White "Cabanas Bravo, Juan Andres"]
[Black "Sotres Menendez, Raul"]
[Site "Madrid"]
[Round "4"]
[Result "1-0"]
[Date "2016.04.24"]
[WhiteElo "1982"]
[BlackElo "1545"]
[PlyCount "40"]
[EventDate "2016.04.03"]
[EventType "swiss"]
[EventRounds "9"]
[EventCountry "ESP"]
[SourceTitle "CBM 172 Extra"]
[Source "ChessBase"]
[SourceDate "2016.06.21"]
[SourceVersion "1"]
[SourceVersionDate "2016.06.21"]
[SourceQuality "1"]

1. e4 c5 2. Nf3 d6 3. d4 cxd4 4. Nxd4 Nf6 5. Nc3 a6 6. f3 Nc6 7. Be3 e5 8. Nb3 Be6 9. Qd2 Be7 10. 0-0-0 b5 11. g4 b4 12. Nd5 h6 13. Bb6 Nxe4 14. fxe4 Bg5 15. Bxd8 Bxd2+ 16. Rxd2 Rxd8 17. h3 a5 18. Bb5 Bd7 19. Bxc6 Bxc6 20. Nxa5 Rc8 1-0

[Event "Madrid Codes Memorial 8th"]
[White "Sotres Menendez, Raul"]
[Black "Martin Rodriguez, Jose Luis"]
[Site "Madrid"]
[Round "4"]
[Result "1/2-1/2"]
[Date "2014.04.13"]
[WhiteElo "1629"]
[BlackElo "1407"]
[PlyCount "90"]
[EventDate "2014.03.23"]
[EventType "swiss"]
[EventRounds "9"]
[EventCountry "ESP"]
[SourceTitle "EXT 2015"]
[Source "ChessBase"]
[SourceDate "2014.11.20"]
[SourceVersion "1"]
[SourceVersionDate "2014.11.20"]
[SourceQuality "1"]

1. d4 Nf6 2. c4 e6 3. Nf3 Bb4+ 4. Nc3 Qe7 5. Bf4 c5 6. e3 d5 7. Ne5 cxd4 8. exd4 0-0 9. Bd3 dxc4 10. Bxc4 Nc6 11. 0-0 Bxc3 12. bxc3 Nxe5 13. Bxe5 Rd8 14. Qf3 Nd7 15. Bg3 Qf6 16. Qe4 Qg6 17. Qe3 Nf6 18. Bd3 Nd5 19. Bxg6 Nxe3 20. Bxf7+ Kxf7 21. fxe3+ Kg6 22. Be5 Bd7 23. Rf3 Rf8 24. Rg3+ Kf5 25. Rf1+ Ke4 26. Bxg7 Rxf1+ 27. Kxf1 Kd3 28. Ke1 Rg8 29. Kf2 Rc8 30. d5 exd5 31. Bd4 Rf8+ 32. Ke1 Bb5 33. Rf3 Rxf3 34. gxf3 a5 35. Kd1 a4 36. a3 h5 37. h4 Bd7 38. f4 Bf5 39. Ke1 Kc2 40. Ke2 Kb3 41. Bc5 Kxc3 42. Bb4+ Kc4 43. Kd2 Be4 44. Ke2 Kb5 45. Kd2 Kc4 1/2-1/2

[Event "Madrid Codes Memorial 8th"]
[White "Largo Barbero, Benito"]
[Black "Sotres Menendez, Raul"]
[Site "Madrid"]
[Round "3"]
[Result "1-0"]
[Date "2014.04.06"]
[WhiteElo "1938"]
[BlackElo "1629"]
[PlyCount "41"]
[EventDate "2014.03.23"]
[EventType "swiss"]
[EventRounds "9"]
[EventCountry "ESP"]
[SourceTitle "EXT 2015"]
[Source "ChessBase"]
[SourceDate "2014.11.20"]
[SourceVersion "1"]
[SourceVersionDate "2014.11.20"]
[SourceQuality "1"]

1. e4 c5 2. Nc3 d6 3. g3 Nf6 4. Bg2 Nc6 5. d3 e6 6. Be3 a6 7. f4 Qc7 8. g4 b5 9. g5 Nd7 10. Nf3 b4 11. Ne2 Bb7 12. 0-0 g6 13. f5 Nde5 14. fxe6 fxe6 15. Nf4 Qe7 16. Bh3 Nxf3+ 17. Qxf3 e5 18. Nd5 Qg7 19. c3 Be7 20. Nc7+ Kd8 21. Ne6+ 1-0

[Event "Madrid Codes Memorial 7th"]
[White "Enfedaque Jimenez, Juan Carlos"]
[Black "Sotres Menendez, Raul"]
[Site "Madrid"]
[Round "6"]
[Result "0-1"]
[Date "2013.05.12"]
[WhiteElo "1735"]
[BlackElo "1606"]
[PlyCount "70"]
[EventDate "2013.04.07"]
[EventType "swiss"]
[EventRounds "9"]
[EventCountry "ESP"]
[SourceTitle "EXT 2014"]
[Source "ChessBase"]
[SourceDate "2013.11.20"]
[SourceVersion "1"]
[SourceVersionDate "2013.11.20"]
[SourceQuality "1"]

1. e4 c5 2. Nf3 d6 3. d4 cxd4 4. Nxd4 Nf6 5. Nc3 a6 6. Bg5 e6 7. f4 Be7 8. Qf3 Qc7 9. 0-0-0 Nc6 10. Nxc6 bxc6 11. e5 Nd5 12. Bxe7 Qxe7 13. exd6 Qxd6 14. Rd2 Bb7 15. Ne4 Qe7 16. c4 Rc8 17. Kb1 Qb4 18. cxd5 cxd5 19. Nc3 d4 20. Rxd4 Qxd4 21. Qxb7 0-0 22. Qe4 Qb6 23. Bd3 g6 24. Ka1 Rfd8 25. g4 Rd4 26. Qe2 Rcd8 27. Bxa6 Rd2 28. Qb5 Qd6 29. Qa4 Qb6 30. Bb5 Qe3 31. f5 exf5 32. gxf5 R8d4 33. Qb3 Rf2 34. fxg6 hxg6 35. Nd1 Qc1# 0-1

[Event "Madrid Codes Memorial 7th"]
[White "Sotres Menendez, Raul"]
[Black "Fernandez Bonilla, M Arcangel"]
[Site "Madrid"]
[Round "4"]
[Result "0-1"]
[Date "2013.04.28"]
[WhiteElo "1606"]
[BlackElo "1769"]
[PlyCount "108"]
[EventDate "2013.04.07"]
[EventType "swiss"]
[EventRounds "9"]
[EventCountry "ESP"]
[SourceTitle "EXT 2014"]
[Source "ChessBase"]
[SourceDate "2013.11.20"]
[SourceVersion "1"]
[SourceVersionDate "2013.11.20"]
[SourceQuality "1"]

1. d4 Nf6 2. c4 e6 3. Nc3 Bb4 4. Nf3 0-0 5. Bg5 d5 6. e3 Nbd7 7. Bd3 c5 8. 0-0 dxc4 9. Bxc4 Qa5 10. Qc2 Bxc3 11. bxc3 b5 12. Be2 Bb7 13. a4 b4 14. cxb4 cxb4 15. Bxf6 Nxf6 16. Ne5 Rfc8 17. Qb2 Nd5 18. Nc4 Qd8 19. Rfc1 Nc3 20. Rxc3 bxc3 21. Qxb7 Rab8 22. Qe4 Rb4 23. Bd3 g6 24. Ne5 Rb2 25. Bc2 Qc7 26. h4 Qb7 27. Qd3 Qe7 28. h5 Qg5 29. hxg6 hxg6 30. Ra3 Qf5 31. e4 Qf4 32. Ra1 Qd2 33. Qf3 Rc7 34. Ng4 Rxc2 35. Nf6+ Kg7 36. Ne8+ Kf8 37. Nxc7 Rc1+ 38. Rxc1 Qxc1+ 39. Kh2 Qh6+ 40. Kg1 Qc1+ 41. Kh2 c2 42. Nxe6+ Ke7 43. Nf4 Qd1 44. Nd3 Qxd3 45. Qxd3 c1Q 46. g3 Qh6+ 47. Kg2 Qg5 48. d5 Qe5 49. Qc4 f5 50. exf5 gxf5 51. Kf3 Kf6 52. Qc6+ Kg5 53. d6 Qe6 54. Qc7 Qe4# 0-1

[Event "Madrid Codes Memorial 5th"]
[White "Sotres Menendez, Raul"]
[Black "Vivas Mariscal, Luis Miguel"]
[Site "Madrid"]
[Round "4"]
[Result "0-1"]
[Date "2011.05.08"]
[WhiteElo "1619"]
[BlackElo "1771"]
[PlyCount "80"]
[EventDate "2011.04.10"]
[EventType "swiss"]
[EventRounds "9"]
[EventCountry "ESP"]
[SourceTitle "EXT 2013"]
[Source "ChessBase"]
[SourceDate "2012.11.22"]
[SourceVersion "1"]
[SourceVersionDate "2012.11.22"]
[SourceQuality "1"]

1. d4 d5 2. c4 e6 3. Nf3 Nf6 4. Bg5 Be7 5. Nc3 0-0 6. e3 b6 7. Rc1 h6 8. Bh4 Bb7 9. Bd3 Ne4 10. Bxe7 Qxe7 11. 0-0 Nd7 12. b3 Ndf6 13. Bb1 Rfc8 14. Qd3 dxc4 15. bxc4 Nxc3 16. Rxc3 Be4 17. Qd1 Qb4 18. Qb3 Qxb3 19. axb3 Bxf3 20. gxf3 Kh8 21. Kh1 a5 22. Bc2 c5 23. Rd1 cxd4 24. Rxd4 Rd8 25. Rcd3 Rxd4 26. Rxd4 e5 27. Rd6 Rb8 28. Kg2 Kg8 29. Kg3 Kf8 30. Bd3 Ke7 31. Rc6 Kd7 32. Rxf6 gxf6 33. Be4 Kd6 34. Bd5 Ke7 35. f4 Rg8+ 36. Kf3 Rg1 37. fxe5 fxe5 38. Ke2 Rb1 39. e4 Rxb3 40. c5 Rb2+ 0-1

[Event "Madrid Codes Memorial 5th"]
[White "Pablos Ceruelo, Oscar"]
[Black "Sotres Menendez, Raul"]
[Site "Madrid"]
[Round "3"]
[Result "0-1"]
[Date "2011.05.01"]
[WhiteElo "1730"]
[BlackElo "1619"]
[PlyCount "123"]
[EventDate "2011.04.10"]
[EventType "swiss"]
[EventRounds "9"]
[EventCountry "ESP"]
[SourceTitle "EXT 2013"]
[Source "ChessBase"]
[SourceDate "2012.11.22"]
[SourceVersion "1"]
[SourceVersionDate "2012.11.22"]
[SourceQuality "1"]

1. e4 c5 2. b3 Nc6 3. Bb2 e6 4. d3 Be7 5. Bxg7 Bf6 6. Bxh8 Bxh8 7. c3 Qa5 8. Ne2 b6 9. f4 Ba6 10. e5 Nge7 11. Nd2 f6 12. Nc4 Bxc4 13. dxc4 fxe5 14. a3 Qa6 15. Qd3 0-0-0 16. b4 cxb4 17. cxb4 e4 18. Qd2 Bxa1 19. b5 Qa5 20. bxc6 Qxd2+ 21. Kxd2 dxc6+ 22. Ke3 Rd3+ 23. Kxe4 Rxa3 24. g3 Ra4 25. Nd4 Bxd4 26. Kxd4 Ra1 27. Bg2 Rxh1 28. Bxh1 Kd7 29. g4 a5 30. Be4 h6 31. f5 a4 32. f6 c5+ 33. Kc3 Nc8 34. h4 Nd6 35. Bg6 a3 36. Bb1 a2 37. Bxa2 Ne4+ 38. Kd3 Nxf6 39. g5 hxg5 40. hxg5 Ng4 41. Ke4 Ke7 42. Kf4 Nf2 43. g6 Kf6 44. Bb1 Nh3+ 45. Kg4 Ng5 46. g7 Nf7 47. Kf4 Kxg7 48. Bc2 Kf6 49. Bb1 e5+ 50. Ke4 Ke6 51. Kf3 Nd6 52. Bh7 Kf7 53. Bd3 Kf6 54. Ke3 Nf5+ 55. Ke4 Nd4 56. Kd5 Nf3 57. Kc6 Nd2 58. Kxb6 e4 59. Be2 Nb3 60. Bd1 e3 61. Kc6 Ke5 62. Be2 0-1